Física universitaria con Física moderna, Sears, Zemansky.

Saved in:
Bibliografiske detaljer
Hovedforfatter: Young, Hugh D
Andre forfattere: Freedman, Roger A
Format: Bog
Sprog:spansk
Udgivet: Ciudad de México, México Pearson 2013
Udgivelse:Décima tercera edición
Fag:
Tags: Tilføj Tag
Ingen Tags, Vær først til at tagge denne postø!

MARC

LEADER 00000cam a2200000 a 4500
001 UCE5106
003 CL-VaPUC
005 20210303125631.0
008 141204e20130000mx |||||||||||||||||spa|d
999 |c 357915  |d 357913 
020 |a 9786073221900 
040 |c Pontificia Universidad Católica de Valparaíso 
082 0 4 |a 530 YOU 2013  |2 21 
100 0 |a Young, Hugh D  |9 577594 
245 1 0 |a Física universitaria con Física moderna, Sears, Zemansky. 
250 |a Décima tercera edición 
260 0 3 |a Ciudad de México, México  |b Pearson  |c 2013 
300 |a volúmenes 
583 |a last modification  |c 20150331 04:27:41  |k Rodrigo Vera 
650 0 |a Acústica   |9 265389 
650 0 |a Electromagnetismo   |9 260123 
650 0 |a Física   |9 227844 
650 0 |a Mecánica   |9 260096 
650 0 |a Optica   |9 263171 
650 0 |a Termodinámica   |9 259320 
700 0 |a Freedman, Roger A  |9 577595 
942 |c BK  |2 ddc 
945 |d 20141204 15:21:00  |a arojas 
952 |0 0  |1 0  |2 ddc  |3 erb  |4 0  |6 530_000000000000000_YOU_2013  |7 0  |8 A  |9 466070  |a BIBING  |b BIBING  |c RES  |h v.2  |i 5127246  |l 7  |o 530 YOU 2013  |p 5127246  |r 2025-01-20  |s 2022-12-12  |t 1  |w 2019-11-23  |y BK  |z Catalogado en:20141204  |k EIQ 
952 |0 0  |1 0  |2 ddc  |3 erb  |4 0  |6 530_000000000000000_YOU_2013  |7 0  |8 A  |9 466071  |a BIBING  |b BIBING  |c RES  |h v.2  |i 5127254  |l 9  |o 530 YOU 2013  |p 5127254  |r 2025-01-20  |s 2024-11-15  |t 1  |w 2019-11-23  |y BK  |z Catalogado en:20141204  |k EIQ 
952 |0 0  |1 0  |2 ddc  |3 erb  |4 0  |6 530_000000000000000_YOU_2013  |7 0  |8 A  |9 466072  |a BIBING  |b BIBING  |c RES  |h v.2  |i 524434K  |l 4  |m 3  |o 530 YOU 2013  |p 524434K  |r 2025-04-14  |s 2025-03-24  |t 1  |w 2019-11-23  |y BK  |z Catalogado en:20151022  |k EIE 
952 |0 0  |1 0  |2 ddc  |3 erb  |4 0  |6 530_000000000000000_YOU_2013  |7 0  |8 A  |9 466073  |a BIBING  |b BIBING  |c RES  |h v.2  |i 5244331  |l 6  |m 1  |o 530 YOU 2013  |p 5244331  |q 2024-10-02  |r 2024-09-25  |s 2024-09-25  |t 1  |w 2019-11-23  |y BK  |z Catalogado en:20151022  |k EIE 
952 |0 0  |1 0  |2 ddc  |3 erb  |4 0  |6 530_000000000000000_YOU_2013  |7 0  |8 A  |9 466074  |a BIBING  |b BIBING  |c RES  |h v.2  |i 5244323  |l 4  |m 2  |o 530 YOU 2013  |p 5244323  |r 2025-01-20  |s 2024-09-13  |t 1  |w 2019-11-23  |y BK  |z Catalogado en:20151022  |k EIE